| 000 | 00863nam a2200229 i 4500 | ||
|---|---|---|---|
| 001 | 108015 | ||
| 003 | ES-MaACL | ||
| 005 | 20250816090436.0 | ||
| 007 | t| | ||
| 008 | 070110s1942 sp ||||1| spa d | ||
| 080 | _a745.51 | ||
| 100 | 1 |
_aIñiguez Almech, Francisco. _965371 |
|
| 245 | 1 | 3 |
_aEl arte en la carpintería / _cpor Francisco Íñiguez Almech. |
| 260 |
_aMadrid : _bPublicaciones de la Escuela de Artes y Oficios Artísticos de Madrid, _c1942. |
||
| 300 |
_a34 p., 3 lám. ; _c20 cm. |
||
| 490 | 1 |
_aPublicaciones de la Escuela de Artes y Oficios Artísticos de Madrid ; _v12 |
|
| 650 | 1 | 7 |
_aCarpintería _2embne _910790 |
| 710 | 2 |
_aEscuela de Artes y Oficios Artísticos (Madrid) _93524 |
|
| 830 | 1 |
_aPublicaciones de la Escuela de Artes y Oficios Artísticos de Madrid ; _v12 _9185495 |
|
| 852 |
_aES-MaACL _jE-4422 |
||
| 999 |
_c108015 _d108015 |
||